Khảo sát thành phần giống loài tôm có giá trị kinh tế ở khu vực bãi bồi huyện Ngọc Hiển Cà Mau : Báo cáo khoa học đề tài cấp trường
Đề tài khảo sát thành phần giống, loài của các loài tôm có giá trị kinh tế, mùa vụ, kích cỡ của các loài tôm và ước tính trữ lượng tôm giống.
Salvato in:
| Autore principale: | |
|---|---|
| Natura: | Libro |
| Lingua: | Undetermined |
| Pubblicazione: |
Cần Thơ
Trường Đại học Cần Thơ
2005
|
| Soggetti: | |
| Tags: |
Aggiungi Tag
Nessun Tag, puoi essere il primo ad aggiungerne! !
|
| Thư viện lưu trữ: | Trung tâm Học liệu Trường Đại học Cần Thơ |
|---|
| LEADER | 01011nam a2200205Ia 4500 | ||
|---|---|---|---|
| 001 | CTU_161638 | ||
| 008 | 210402s9999 xx 000 0 und d | ||
| 082 | |a 639.68 | ||
| 082 | |b H450 | ||
| 100 | |a Nguyễn, Trọng Hồ | ||
| 245 | 0 | |a Khảo sát thành phần giống loài tôm có giá trị kinh tế ở khu vực bãi bồi huyện Ngọc Hiển Cà Mau : | |
| 245 | 0 | |b Báo cáo khoa học đề tài cấp trường | |
| 245 | 0 | |c Nguyễn Trọng Hồ (Chủ nhiệm đề tài) | |
| 260 | |a Cần Thơ | ||
| 260 | |b Trường Đại học Cần Thơ | ||
| 260 | |c 2005 | ||
| 520 | |a Đề tài khảo sát thành phần giống, loài của các loài tôm có giá trị kinh tế, mùa vụ, kích cỡ của các loài tôm và ước tính trữ lượng tôm giống. | ||
| 650 | |a Shrimp culture,Nuôi tôm | ||
| 904 | |i Trọng Hải | ||
| 980 | |a Trung tâm Học liệu Trường Đại học Cần Thơ | ||